El amante de la mano izquierda / (Registro nro. 54706)
[ vista simple ]
| 000 -LEADER | |
|---|---|
| campo de control de longitud fija | 01846nam a2200229 a 4500 |
| 001 - NÚMERO DE CONTROL | |
| campo de control | 54706 |
| 003 - IDENTIFICADOR DE NÚMERO DE CONTROL | |
| campo de control | AR-BaAGN |
| 005 - FECHA Y HORA DE LA ÚLTIMA TRANSACCIÓN | |
| campo de control | 20250404105019.0 |
| 007 - CAMPO FIJO DE DESCRIPCIÓN FÍSICA--INFORMACIÓN GENERAL | |
| campo de control de longitud fija | ta |
| 008 - DATOS DE LONGITUD FIJA--INFORMACIÓN GENERAL | |
| campo de control de longitud fija | s ag |||||r|||| ||| ||spa d |
| 040 ## - FUENTE DE CATALOGACIÓN | |
| Centro catalogador/agencia de origen | AR-BaAGN |
| Lengua de catalogación | español |
| Normas de descripción | aacr |
| 942 ## - ELEMENTOS DE ENTRADA SECUNDARIOS (KOHA) | |
| Tipo de ítem Koha | Libro |
| Suprimir en OPAC | No |
| 100 1# - ENTRADA PRINCIPAL--NOMBRE DE PERSONA | |
| Nombre de persona | Parma, Enrique |
| Término indicativo de función/relación | autor |
| ID autoridades | 9049 |
| 245 ## - MENCIÓN DEL TÍTULO | |
| Título | El amante de la mano izquierda / |
| Mención de responsabilidad, etc. | Enrique Parma |
| 260 ## - PUBLICACIÓN, DISTRIBUCIÓN, ETC. | |
| Lugar de publicación, distribución, etc. | San Martin : |
| Nombre del editor, distribuidor, etc. | Vestales, |
| Fecha de publicación, distribución, etc. | 2023 |
| 300 ## - DESCRIPCIÓN FÍSICA | |
| Extensión | 221 p. ; |
| Dimensiones | 22 cm. |
| 336 ## - TIPO DE CONTENIDO | |
| Código de tipo de contenido | texto |
| Fuente | rdacontent |
| 337 ## - TIPO DE MEDIO | |
| Código del tipo de medio | no mediado |
| Fuente | rdamedia |
| 338 ## - TIPO DE SOPORTE | |
| Código del tipo de soporte | volumen |
| Fuente | rdacarrier |
| 520 3# - RESUMEN, ETC. | |
| Sumario, etc. | Adriana percibe en Cándido una señal confusa. La mano derecha de él está oculta, herida. La que ella miraba dibujar, la de las caricias tímidas. Pero lo que presiente coincide con el silencio de esos meses. ¿Perdió Cándido la mano derecha? Cándido López sabe desde niño que es pintor. Estudia con un maestro italiano, busca ser retratista. Conoce a Adriana Wilson, una compañera de la academia. Sin embargo, está dividido: cuando estalla la guerra del Paraguay, decide ir a pelear como soldado. Dibuja con escrúpulos lo que ve en el campo de batalla. Hasta que pierde la mano que le permite hacerlo. Cuando vuelve a Buenos Aires, ya no es el mismo. Adriana lo ayuda a volver a pintar, para lo que debe entrenar la mano izquierda. Pero no puede vivir de sus cuadros y no hay comisiones para quien pinta la guerra. Dividido una vez más, se casa con otra mujer y se dedica a otra actividad. El amante de la mano izquierda está contada como un rompecabezas que busca recomponer la historia de uno de los pintores más importantes de la Argentina. También intenta responder a la pregunta de cómo unir los retazos de un hombre que se siente incompleto, de cómo puede sobrevivir un amor amputado por la distancia y la guerra. (Descripción del editor). |
| 655 ## - TERMINO DE INDIZACIÓN--GENERO/FORMA | |
| Término de género/forma | Novelas históricas |
| Estado de retiro | Estado de pérdida | Fuente del sistema de clasificación o colocación | Estado de conservación | Biblioteca actual | Ubicación en estantería | Signatura topográfica completa | Código de barras | Tipo de ítem Koha |
|---|---|---|---|---|---|---|---|---|
| Clasificación Decimal Dewey | Biblioteca del Archivo General de la Nación | AGN - Biblioteca | AGN 22375 | 1322 | Libro |
